000 00484nam a2200181Ia 4500
005 20250603145626.0
008 250603s9999 xx 000 0 und d
020 _a9784608358
050 _aJF 1338 .P83/
100 _aAnazodo, Rosemary
245 0 _aPublic service in Nigeria and comparative local government administration: theory and practice
260 _aNigeria
260 _bBase 5 publishers
260 _c2014
300 _a431 p
650 _aNigeria
942 _cBK
999 _c42381
_d42381